Aurelius Arcadius Charisius der Nachklassische Jurist der Digesten und die Hermogenian-Frage [különlenyomat] /
Elmentve itt :
| Szerző: | |
|---|---|
| Dokumentumtípus: | Cikk |
| Sorozat: | Kolligátum
|
| Kulcsszavak: | Római jog, Jogtörténet |
| Online Access: | http://misc.bibl.u-szeged.hu/23482 |
| LEADER | 00597nab a2200157 i 4500 | ||
|---|---|---|---|
| 001 | misc23482 | ||
| 005 | 20191108150541.0 | ||
| 008 | 170804suuuu hu o 0|| zxx d | ||
| 040 | |a SZTE Miscellanea Repozitórium |b hun | ||
| 041 | |a zxx | ||
| 100 | 1 | |a Pólay Elemér | |
| 245 | 1 | 0 | |a Aurelius Arcadius Charisius der Nachklassische Jurist der Digesten und die Hermogenian-Frage |h [elektronikus dokumentum] : |b [különlenyomat] / |c Pólay Elemér |
| 300 | |a 183-230 | ||
| 490 | 0 | |a Kolligátum | |
| 695 | |a Római jog, Jogtörténet | ||
| 856 | 4 | 0 | |u http://misc.bibl.u-szeged.hu/23482/1/87590_183-230.pdf |z Dokumentum-elérés |